000 00475cam a2200181ua 4500
001 462
008 110406n ii |||gr||||Z||||||eng
040 _cMAIN
082 _a320.954
245 1 _aBookhive`s political science
_cby Prem Arora
250 _a7th.
260 _aHaryana:
_bCosmos bookhive.
300 _axiv, 864p.:
_c45cm.
653 _aPolitical science
653 _aPolitical science Indian government politics
700 _aArora, Prem.,
_eAuthor.
942 _cBK
999 _c405
_d405